| 000 | 01018nam a2200229Ia 4500 | ||
|---|---|---|---|
| 001 | 10543 | ||
| 003 | GE_BSU | ||
| 008 | 181216s||||||||xx |||||||||||||| ||und|| | ||
| 020 | _a9789941030970 | ||
| 040 | _cGE_BSU | ||
| 080 | _a373.3(479.22)(072)+371.13(479.22) | ||
| 100 | _aმარიამ მირიანაშვილი, ნინო ჯაში, მაია ბლიაძე [და სხვ.] | ||
| 245 | _aდაწყებითი საფეხურის მასწავლებლის მეთოდური გზამკვლევი. | ||
| 245 | _cრედ. ნინო ელბაქიძე, თეა ქიტოშვილი. | ||
| 260 | _aთბილისი | ||
| 260 | _c2010 | ||
| 300 | _a144გვ. | ||
| 300 | _eბიბლიოგრ.: გვ 138 | ||
| 541 | _h7ლ. | ||
| 653 | _aდაწყებითი საფეხურის მასწავლებლის მეთოდური გზამკვლევი. | ||
| 942 | _cBK | ||
| 999 |
_c43798 _d43798 |
||